[Event "4NCL Division Four"]
[Site "Telford, ENG"]
[Date "2023.11.19"]
[Round "2.52"]
[White "Banerjee, Sanjoy K"]
[Black "Graff, Ben"]
[Result "1/2-1/2"]
[WhiteElo "1753"]
[BlackElo "1781"]
[PlyCount "27"]
[EventDate "2023.11.19"]
[WhiteTeam "North West Eagles"]
[BlackTeam "Coventry"]

1. d4 d5 2. c4 e6 3. Nf3 Nf6 4. Nc3 Be7 5. Bf4 c6 6. e3 Nh5 7. Bxb8 Rxb8 8. Ne5
Nf6 9. c5 Nd7 10. f4 Nxe5 11. fxe5 O-O 12. Bd3 f6 13. Qh5 g6 14. Bxg6 1/2-1/2